header

Bird flu (Record no. 6050)

MARC details
000 -LEADER
fixed length control field 01326nam a2200349Ia 4500
001 - CONTROL NUMBER
control field ebr10698783
003 - CONTROL NUMBER IDENTIFIER
control field CaPaEBR
006 - FIXED-LENGTH DATA ELEMENTS--ADDITIONAL MATERIAL CHARACTERISTICS--GENERAL INFORMATION
fixed length control field m o u
007 - PHYSICAL DESCRIPTION FIXED FIELD--GENERAL INFORMATION
fixed length control field cr cn|||||||||
008 - FIXED-LENGTH DATA ELEMENTS--GENERAL INFORMATION
fixed length control field 060620s2006 si a sb 000 0 eng d
020 ## - INTERNATIONAL STANDARD BOOK NUMBER
Cancelled/invalid ISBN 9789812568151
Cancelled/invalid ISBN 9789812707338
Cancelled/invalid ISBN 9812568077 (pbk.)
Cancelled/invalid ISBN 9812568158
040 ## - CATALOGING SOURCE
Original cataloging agency CaPaEBR
Transcribing agency CaPaEBR
035 ## - SYSTEM CONTROL NUMBER
System control number (OCoLC)824699004
050 14 - LIBRARY OF CONGRESS CALL NUMBER
Classification number RA644.I6
Item number .B57 2006eb
245 00 - TITLE STATEMENT
Title Bird flu
Medium [electronic resource] :
Remainder of title a rising pandemic in Asia and beyond? /
Statement of responsibility, etc [edited by] Paul Tambyah, Ping-Chung Leung.
260 ## - PUBLICATION, DISTRIBUTION, ETC. (IMPRINT)
Place of publication, distribution, etc Singapore ;
-- Hackensack, NJ :
Name of publisher, distributor, etc World Scientific,
Date of publication, distribution, etc c2006.
300 ## - PHYSICAL DESCRIPTION
Extent xxv, 241 p. :
Other physical details ill.
504 ## - BIBLIOGRAPHY, ETC. NOTE
Bibliography, etc Includes bibliographical references.
533 ## - REPRODUCTION NOTE
Type of reproduction Electronic reproduction.
Place of reproduction Palo Alto, Calif. :
Agency responsible for reproduction ebrary,
Date of reproduction 2013.
Note about reproduction Available via World Wide Web.
-- Access may be limited to ebrary affiliated libraries.
650 #0 - SUBJECT ADDED ENTRY--TOPICAL TERM
Topical term or geographic name as entry element Avian influenza.
Topical term or geographic name as entry element SARS (Disease)
Topical term or geographic name as entry element Influenza
Geographic subdivision Singapore
General subdivision Prevention.
Topical term or geographic name as entry element Influenza vaccines.
655 #7 - INDEX TERM--GENRE/FORM
Genre/form data or focus term Electronic books.
Source of term local
700 1# - ADDED ENTRY--PERSONAL NAME
Personal name Tambyah, Paul.
Personal name Leung, Ping-Chung,
Dates associated with a name 1941-
710 2# - ADDED ENTRY--CORPORATE NAME
Corporate name or jurisdiction name as entry element ebrary, Inc.
856 40 - ELECTRONIC LOCATION AND ACCESS
Uniform Resource Identifier <a href="http://site.ebrary.com/lib/rucke/Doc?id=10698783">http://site.ebrary.com/lib/rucke/Doc?id=10698783</a>
Public note An electronic book accessible through the World Wide Web; click to view

No items available.

© 2026 Rongo University
Contact us: librarian | system librarian | Rongo university